000 00312nam a22001337a 4500
008 181031b xxu||||| |||| 00| 0 eng d
020 _a0893032468
041 _aeng
080 _a610
100 _a4
101 _aSHM
245 _aCritical Care. Certification Practice Exams
_cLangfitt, D.E
942 _2udc
_cBK
999 _c51369
_d51369